| 000 | 00364nam a22001577a 4500 | ||
|---|---|---|---|
| 020 | _a973-93-80005-38-6 | ||
| 082 |
_a823 _bBAU/O |
||
| 100 | _aBAUM, FRANK L | ||
| 245 |
_aOZAMA OF OZ _bSHORT STORY |
||
| 246 |
_aOZAMA OF OZ _bSHORT STORY |
||
| 260 |
_aNOIDA _bMAPLE PRESS PVT.LTD |
||
| 300 | _a197 | ||
| 520 | _aSHORT STORY | ||
| 650 | _aSHORT STORY | ||
| 942 | _cBK | ||
| 999 |
_c2983 _d2983 |
||